Normal view
MARC view
- Scouting (Reconnaissance)
Entry Topical Term
001 - CONTROL NUMBER
- control field: 49729
003 - CONTROL NUMBER IDENTIFIER
- control field: NUST
005 - DATE AND TIME OF LATEST TRANSACTION
- control field: 20210314134425.0
008 - FIXED-LENGTH DATA ELEMENTS
- fixed length control field: 210314|| aca||aabn | a|a d
040 ## - CATALOGING SOURCE
- Original cataloging agency: NUST
- Transcribing agency: NUST
150 ## - HEADING--TOPICAL TERM
- Topical term or geographic name entry element: Scouting (Reconnaissance)
670 ## - SOURCE DATA FOUND
- Source citation: Work cat.: (NUST): Armstrong, Nevill Alexander Drummond. [from old catalog] 49728, Fieldcraft, sniping and intelligence,, [1942]
